000 00828cab a2200277 4500
001 WB2930-28
008 090401t1993 xxu||||| |||| 00| 0 eng d
035 _a(Sirsi) u89167
041 _aeng
245 _aProperty boost `overdue`
260 _c1993
350 _a0
490 _aGuardian
_v10 August 1993, 9(1)
520 _aA member of the Chancellor`s panel of independent forecasters has suggested that failure of the commercial and residential property markets to revive is constraining economic recovery.
650 _aECONOMIC FORECASTS
650 _aECONOMIC RECOVERY
650 _aGDP
650 _aINTEREST RATES
650 _aNEGATIVE EQUITY
650 _aOVER SUPPLY
650 _aPROPERTY MARKET
650 _aRECESSION
690 _aECONOMIC AND SOCIAL
942 _n0
948 _c04/03/1997
999 _c56388
_d56388